书目信息 |
| 题名: |
五四群英
|
|
| 作者: | 姚维斗 , 黄真 编 | |
| 分册: | ||
| 出版信息: | 石家庄 河北人民出版社 1981.6 |
|
| 页数: | 255页 | |
| 开本: | 20cm | |
| 丛书名: | ||
| 单 册: | ||
| 中图分类: | K261.1 | |
| 科图分类: | ||
| 主题词: | 中国--历史 | |
| 电子资源: | ||
| ISBN: | ||
| 000 | 00583nam0 2200217 45 | |
| 001 | 0306160986 | |
| 005 | 20060817171625.84 | |
| 010 | @dCNY0.77 | |
| 091 | @a11086.19 | |
| 100 | @a20030616d1981 km y0chiy0120 ea | |
| 101 | 0 | @achi |
| 105 | @ac z 000yc | |
| 200 | 1 | @a五四群英@AWu Si Qun Ying@f姚维斗,黄真编@FYao Wei Dou,Huang Zhen Bian |
| 210 | @a石家庄@c河北人民出版社@d1981.6 | |
| 215 | @a255页@c插图:肖像@d20cm | |
| 606 | 0 | @a中国@x历史 |
| 690 | @aK261.1@v3 | |
| 701 | 0 | @a姚维斗@4编 |
| 701 | 0 | @a黄真@4编 |
| 801 | @aCN@bTSTC@c20060817 | |
| 905 | @dK261.1@e21@f3@b66925-927 | |
| 五四群英/姚维斗,黄真编.-石家庄:河北人民出版社,1981.6 |
| 255页:插图:肖像;20cm |
| ISBN :CNY0.77 |
| ● |
| 相关链接 |
|
|
|
|
正题名:五四群英
索取号:K261.1/21
 
预约/预借
| 序号 | 登录号 | 条形码 | 馆藏地/架位号 | 状态 | 备注 |
| 1 | 0066925 | 000640685 | 第二借阅区/ [索取号:K261.1/21] | 在馆 | |
| 2 | 0066926 | 000640694 | 密集书库/ [索取号:K261.1/21] | 在馆 | |
| 3 | 0066927 | 000640667 | 密集书库/ [索取号:K261.1/21] | 在馆 | |
| 4 | 0066928 | 000640676 | 密集书库/ [索取号:K261.1/21] | 在馆 | |
| 5 | 0229687 | 001802696 | 密集书库/ [索取号:K261.1/21] | 在馆 | |
| 6 | 0229688 | 001802650 | 密集书库/ [索取号:K261.1/21] | 在馆 | |
| 7 | 0229689 | 001802614 | 密集书库/ [索取号:K261.1/21] | 在馆 | |
| 8 | 0466380 | 204663809 | 密集书库/ [索取号:K261.1/21] | 在馆 |